000 004500000a22001810004500
003 LK-CoMWRAF
008 230817t ||||| |||| 00| 0 eng d
020 _a9746326139
040 _aLK-CoMWRAF
_dLK-CoMWRAF
_eLK-CoMWRAF
041 _aeng
082 _a310
_bTHA
245 _aThai women
_brecommendations for development
260 _aBangkok
_bThai NGO
_i1995
300 _ap.34
650 _aWomen
650 _aWOMEN & DEVELOPMENT
942 _cBK
999 _c1947
_d1947